000 00356nam a22001331a 4500
082 _aH 294.5
_bSAT/H
100 _aSatyadeva Parivrachak
_9141179
245 _aHindu Dharma ki Visheshthayen/
_cby Satyadeva Parivrachak
260 _aNew Delhi:
_bRajpal,
_c1992.
300 _a64p.
650 _aHinduism
_9141180
650 _aReligion
_9141181
942 _cBK
999 _c17802
_d17802